000 00384nam a2200145Ia 4500
008 231221s9999 xx 000 0 und d
041 _aEnglish
082 _a025.04 JAC
100 _aJacso, Peter
245 4 _aThe Joint Conference on Digital Libraries [e resource : article]
260 _cSept, 2001
510 _aInformation Today
650 _aDigital Library
942 _cDL
999 _c203914
_d203914